| Tag |
First Indicator |
Second Indicator |
Subfields |
| LEADER |
00000cam a2200000 4500 |
| 001 |
in00000093519 |
| 005 |
20150927070152.0 |
| 008 |
730228s1958 eng u |
| 010 |
|
|
|a 58013035
|
| 035 |
|
|
|a (OCoLC)00565945
|
| 035 |
|
|
|9 AAL5366AM
|
| 040 |
|
|
|c WSU
|d TXA
|d UtOrBLW
|
| 049 |
|
|
|a TXAM
|c [1141601]
|
| 090 |
|
|
|a TR575
|b .M5
|
| 100 |
1 |
|
|a Miller, Wayne,
|d 1918-2013.
|
| 245 |
1 |
4 |
|a The world is young.
|
| 264 |
|
2 |
|a New York :
|b Distributed by Simon and Schuster,
|c [1958]
|
| 300 |
|
|
|a 188 pages
|
| 336 |
|
|
|a text
|b txt
|2 rdacontent
|
| 337 |
|
|
|a unmediated
|b n
|2 rdamedia
|
| 338 |
|
|
|a volume
|b nc
|2 rdacarrier
|
| 650 |
|
0 |
|a Photography of children.
|
| 999 |
|
|
|a MARS
|
| 999 |
f |
f |
|s 16dca946-ad57-30b1-a18e-b1a0ce8f78e9
|i 7d7d9e49-249f-34bb-8ee2-2a4ec03ac96a
|t 0
|
| 952 |
f |
f |
|p ric
|a Texas A&M University
|b Rellis Campus
|c Joint Library Facility
|d Remote Storage
|t 0
|e TR575 .M5
|h Library of Congress classification
|i unmediated -- volume
|m A14805627341
|
| 998 |
f |
f |
|a TR575 .M5
|t 0
|l Remote Storage
|